000 00469nam a2200181Ia 4500
001 24475
005 20260414151046.0
008 260414t2004||||xx |||||||||||||| ||spa||
041 _aESP
082 _a345.7C4
_bC31 V. 1
100 _aCarrión Lugo, Jorge
_eAUT
245 0 _aTratado de derecho procesal civil :
_bteoría general del proceso
260 _c2004
300 _a472 páginas :
_c24 cm.
650 _aDER
654 _aCDE
942 _cLIB
_dJUS
_fJUS
_2ddc
_n
999 _c24475
_d24475